Catálogo
 En Linea

Derecho constitucional / (Registro nro. 47642)

Detalles MARC
000 -CABECERA
campo de control de longitud fija 01915nam a2200289 i 4500
001 - NÚMERO DE CONTROL
campo de control 000048154
003 - IDENTIFICADOR DEL NÚMERO DE CONTROL
campo de control DO-SdBNP
005 - FECHA Y HORA DE LA ÚLTIMA TRANSACCIÓN
campo de control 20250813082723.0
007 - CAMPO FIJO DE DESCRIPCIÓN FÍSICA--INFORMACIÓN GENERAL
campo de control de longitud fija ta
008 - DATOS DE LONGITUD FIJA--INFORMACIÓN GENERAL
campo de control de longitud fija 181203s2018 dr r 000 0 spa d
020 ## - NÚMERO INTERNACIONAL ESTÁNDAR DEL LIBRO
Número Internacional Estándar del Libro 9789945610154
040 ## - FUENTE DE LA CATALOGACIÓN
Centro catalogador/agencia de origen DO-SdBNP
Lengua de catalogación spa
Centro/agencia transcriptor BNPHU
Normas de descripción rda
082 #4 - NÚMERO DE LA CLASIFICACIÓN DECIMAL DEWEY
Número de clasificación xxxx
Número de documento/Ítem B716d
Número de edición 22
100 1# - ENTRADA PRINCIPAL--NOMBRE DE PERSONA
Nombre de persona Bonnelly, Rafael F.,
Término indicativo de función/relación autor
Código de función/relación aut.
9 (RLIN) 75621
245 10 - MENCIÓN DE TÍTULO
Título Derecho constitucional /
Mención de responsabilidad, etc. Rafael Feliberto Bonnelly Fondeur ; edición, Leonor Tejada ; corrección, Alejandra Muñoz
264 #1 - PRODUCCIÓN, PUBLICACIÓN, DISTRIBUCIÓN, FABRICACIÓN Y COPYRIGHT
Producción, publicación, distribución, fabricación y copyright Santo Domingo :
Nombre del de productor, editor, distribuidor, fabricante Tribunal Constitucional de la República Dominicana,
Fecha de producción, publicación, distribución, fabricación o copyright 2018.
300 ## - DESCRIPCIÓN FÍSICA
Extensión 139 páginas ;
Dimensiones 24 cm.
336 ## - TIPO DE CONTENIDO
Término de tipo de contenido texto
Código de tipo de contenido txt
Fuente rdacontent
337 ## - TIPO DE MEDIO
Nombre/término del tipo de medio sin mediación
Código del tipo de medio n
Fuente rdamedia
338 ## - TIPO DE SOPORTE
Nombre/término del tipo de soporte volumen
Código del tipo de soporte nc
Fuente rdacarrier
490 ## - MENCIÓN DE SERIE
Mención de serie Colección Clásicos de Derecho Constitucional
Designación de volumen o secuencia 4
505 0# - NOTA DE CONTENIDO CON FORMATO
Título Palabras del magistrado presidente Dr. Milton Ray Guevara --
-- Derecho constitucional. Clases de constituciones. La nación y sus elementos --
-- Los derechos individuales. Declaración Francesa de 1789. Derechos absolutos --
-- Derecho del trabajo; libertad de trabajo. Derecho de propiedad, expropiación, seguridad individual --
-- Municipios y provincias --
-- Forma de gobierno: Poder Ejecutivo y Poder Legislativo --
-- Poder Judicial --
-- La soberanía nacional --
-- La nacionalidad dominicana --
-- La ciudadanía --
-- Poderes del Estado y sufragio --
-- Servicios públicos y Ley de Gastos Públicos --
-- Anexos
-- 1. Hoja de vida del Lic. Rafael Feliberto Bonnelly Fondeur, compilada por el Dr. Juan Sully Bonnelly Batlle --
-- 2. Carta del Lic. Rafael Feliberto Bonnelly Fondeur, expresidente de la República al Dr. Joaquín Balaguer, presidente de la República, publicado en la prensa, el día 15 de octubre de 1971.
590 ## - NOTA LOCAL (RLIN)
Nota local Inventariado, 2019 / DG
700 1# - PUNTO DE ACCESO ADICIONAL--NOMBRE DE PERSONA
Nombre de persona Tejada, Leonor,
Término indicativo de función/relación editor
Código de función/relación ed.
9 (RLIN) 73343
700 1# - PUNTO DE ACCESO ADICIONAL--NOMBRE DE PERSONA
Nombre de persona Muñoz, Alejandra,
Término indicativo de función/relación corrector
Código de función/relación corr.
9 (RLIN) 88489
942 ## - ELEMENTOS DE PUNTO DE ACCESO ADICIONAL (KOHA)
Fuente del sistema de clasificación o colocación Dewey Decimal Classification
Tipo de ítem Koha Libro
Existencias
Estado de retiro Estado de pérdida Fuente del sistema de clasificación o colocación Restricciones de uso No para préstamo Código de colección Localización permanente Ubicación/localización actual Ubicación en estantería Fecha de adquisición Total de préstamos Signatura topográfica completa Código de barras Fecha visto por última vez Número de copia Precio válido a partir de Tipo de ítem Koha Fuente de adquisición
    Dewey Decimal Classification Préstamo en sala   Dominicana de Servicio Biblioteca Nacional Pedro Henríquez Ureña Biblioteca Nacional Pedro Henríquez Ureña En catalogación 03.12.2018   BNPHU DS B716d 48154-30 25.06.2020 e. 3 25.06.2020 Libro  
    Dewey Decimal Classification Excluido de préstamo   Patrimonio Dominicano Biblioteca Nacional Pedro Henríquez Ureña Biblioteca Nacional Pedro Henríquez Ureña En catalogación 03.12.2018   BNPHU PD B716d 48154-10 25.06.2020   25.06.2020 Libro  
    Dewey Decimal Classification Excluido de préstamo   Patrimonio Dominicano Biblioteca Nacional Pedro Henríquez Ureña Biblioteca Nacional Pedro Henríquez Ureña En catalogación 03.12.2018   BNPHU PD B716d 48154-20 25.06.2020 e. 2 25.06.2020 Libro  
    Dewey Decimal Classification Préstamo en sala   Dominicana de Servicio Biblioteca Nacional Pedro Henríquez Ureña Biblioteca Nacional Pedro Henríquez Ureña En catalogación 07.12.2020   BNPHU DS B716d   07.12.2020 e. 4 07.12.2020 Libro Donado por ODECOPLIN
    Dewey Decimal Classification Préstamo en sala   Dominicana de Servicio Biblioteca Nacional Pedro Henríquez Ureña Biblioteca Nacional Pedro Henríquez Ureña En catalogación 13.08.2025   BNPHU DS B716d 2025-8379 13.08.2025 e.5 13.08.2025 Libro Donado por Ferolina S. Peralta

Con tecnología Koha